=LDR 00000nam 2200000 4500 =001 INLIS000000000029823 =005 20130612132026 =008 ***********************************Ind** =035 ##$$0010-061300000029823 =041 ##$$a Ind =082 ##$$a 510 =090 ##$$a 510, Wir m =100 ##$$a Wirodikromo, Sartono =245 ##$$a Matematika untuk SMA kurikulum 1984 GBPP 1987 semester, Sartono Wirodiromo, Dedi D. Wandyagri =260 ##$$a 1989 $b Jakarta =300 ##$$a vii, 228 hlm, ilus, 21 cm =650 ##$$a Matematika =850 ##$$a NBPNMAT